000 00521 a2200157 4500
020 _a080504891X
090 _c6129
_d6129
100 1 _aBolker, Joan.
245 1 0 _aWriting your dissertation in fifteen minutes a day: a guide to starting, revising, and finishing your doctoral thesis
_cJoan Bolker.
260 _aNew York :
_bH. Holt,
_c1998.
300 _axix, 184 p. ;
_c21 cm.
650 0 _aDissertations, Academic
_xAuthorship.
650 0 _aReport writing.
650 0 _aAcademic writing.
942 _cBK
_k808.066378 BOL
999 _c9962
_d9962